[Event "Styrian op U08/12 20th"]
[Site "Mureck"]
[Date "2013.08.07"]
[Round "8"]
[White "Hadler, Hannah"]
[Black "Sorger, Sebastian"]
[Result "1-0"]
[WhiteElo "1018"]
[BlackElo "988"]
[PlyCount "55"]
[EventDate "2013.07.31"]
[EventType "swiss"]
[EventRounds "9"]
[EventCountry "AUT"]
[SourceTitle "EXT 2015"]
[Source "ChessBase"]
[SourceDate "2014.11.20"]
[SourceVersion "1"]
[SourceVersionDate "2014.11.20"]
[SourceQuality "1"]

1. e4 e5 2. Nf3 Nc6 3. Bc4 Nf6 4. Ng5 d5 5. exd5 Nxd5 6. Bxd5 Qxd5 7. 0-0 Be7 8. d3 b6 9. Nc3 Qd6 10. Nb5 Qd5 11. Nxc7+ Kf8 12. Nxd5 Bd6 13. Qf3 Nd8 14. c3 h6 15. Ne4 Nb7 16. Nxd6 Nxd6 17. d4 exd4 18. cxd4 Be6 19. Re1 Re8 20. Bf4 Nc4 21. b3 Na3 22. Rac1 Bxd5 23. Qxd5 Rxe1+ 24. Rxe1 g6 25. Qd6+ Kg7 26. Be5+ Kh7 27. Bxh8 Kxh8 28. Qxa3 1-0

[Event "Styrian op U08/12 20th"]
[Site "Mureck"]
[Date "2013.08.04"]
[Round "5"]
[White "Sorger, Sebastian"]
[Black "Hadler, Joachim"]
[Result "1-0"]
[WhiteElo "988"]
[BlackElo "986"]
[PlyCount "63"]
[EventDate "2013.07.31"]
[EventType "swiss"]
[EventRounds "9"]
[EventCountry "AUT"]
[SourceTitle "EXT 2015"]
[Source "ChessBase"]
[SourceDate "2014.11.20"]
[SourceVersion "1"]
[SourceVersionDate "2014.11.20"]
[SourceQuality "1"]

1. d4 d5 2. c4 dxc4 3. e3 Nf6 4. Bxc4 Bg4 5. Nf3 Bxf3 6. Qxf3 Nc6 7. Nc3 e6 8. Bb5 Qd7 9. Bxc6 Qxc6 10. Qxc6+ bxc6 11. e4 Bd6 12. e5 Bxe5 13. dxe5 Nd7 14. Bf4 0-0 15. 0-0 Nc5 16. Rac1 Nd3 17. Bg3 Rfd8 18. Rc2 Rab8 19. b3 a5 20. Rd1 h6 21. Rcd2 a4 22. Rxd3 axb3 23. Rxd8+ Rxd8 24. Rxd8+ Kh7 25. a4 f6 26. a5 fxe5 27. Bxe5 b2 28. a6 b1Q+ 29. Nxb1 c5 30. a7 c4 31. a8Q c3 32. Nxc3 1-0